000 00337 a2200145 4500
001 153725
040 _cEscola São Tomás de Aquino
100 _aJUNQUEIRA, Sonia
240 1 0 _aUm palhaço diferente
_lpor
245 1 0 _aUm palhaço diferente
362 0 _a1994
440 1 _aÁtica
697 _a*LITERATURA INFANTIL
942 _cBK
999 _c153725
_d153725